000 00393nam a2200145Ia 4500
008 151213s9999 xx 000 0 und d
100 _a`Mohit Ul Alam
245 _aThe Tantatised Heartland
_c`Mohit Ul Alam
260 _aChittagong
_bAn Apoon Prokashon
_c1996
300 _a8849 p.
650 _aEnglish Literature
650 _aEnglish Literature
700 _a`Mohit Ul Alam
999 _c4634
_d4634